El Dios de Job (Registro nro. 61037)
[ vista simple ]
| 000 -LÍDER | |
|---|---|
| Campo fijo de descripción fija | 01035aab a2200205 i 4500 |
| 001 - NÚMERO DE CONTROL | |
| Campo de control | 768714001 |
| 003 - IDENTIFICADOR DEL NÚMERO DE CONTROL | |
| Campo de control | CO-MdFUSB |
| 005 - FECHA Y HORA DE LA ULTIMA TRANSACCIÓN | |
| control field | 20230426155259.0 |
| 008 - ELEMENTOS DE LONGITUD FIJA -- INFORMACIÓN GENERAL | |
| Campo fijo de descripción fija -- Información general | 221025s2004 sp ||||| |||| 00| 0 spa d |
| 040 ## - FUENTE DE CATALOGACIÓN | |
| Idioma de catalogación | spa |
| Agencia que realiza la transcripción | CO-MdFUSB |
| Agencia que realiza la modificación | CO-MdFUSB |
| 041 ## - CÓDIGO DE IDIOMA | |
| Código de idioma para texto/pista de sonido o título separado | spa |
| 100 1# - ASIENTO PRINCIPAL--NOMBRE PERSONAL | |
| Nombre personal | Clines, David J.A. |
| Término relacionador | autor |
| 245 13 - TÍTULO | |
| Título | El Dios de Job |
| Mención de responsabilidad | / David J. A. Clines |
| 300 ## - DESCRIPCIÓN FÍSICA | |
| Extensión | Número 307, (Septiembre, 2004), Páginas 47- 62 |
| Dimensiones | ; 21 cm |
| 520 ## - NOTA DE RESUMEN, ETC. | |
| Nota de sumario, etc. | El libro de Job es un himno a la condición inescrutable de Dios. A diferencia de algunas religiones en las cuales la deidad es de suyo incognoscible o casi, en el libro de Job no es que no se pueda saber nada sobre Dios; es más bien que de Dios se sabe - o al menos se puede decir- demasiado para que estemos seguros de que cualquier afirmación que hagamos acerca de él es correcta o errónea. |
| 630 07 - PUNTO DE ACCESO ADICIONAL DE MATERIA - TÍTULO UNIFORME | |
| Título uniforme | Biblia. |
| 630 07 - PUNTO DE ACCESO ADICIONAL DE MATERIA - TÍTULO UNIFORME | |
| Título uniforme | Biblia. |
| Parte o sección de la obra | Job |
| Subdivisión de materia general | Crítica, interpretación, etc. |
| 773 0# - ASIENTO DE ITEM FUENTE | |
| Título | Concilium |
| Biblionumber | 49450 |
| Itemnumber | 60409 |
| Parte(s) relacionada(s) / Volumen., número. (mes año), páginas | Número 307, (Septiembre, 2004), Páginas 47- 62 |
| Enumeración y primera página | Páginas 47 |
| 942 ## - TIPO DE MATERIAL (KOHA) | |
| Tipo de Item KOHA | Artículos de Revista |
No hay ítems disponibles.
